Taylor Swift : ultimátní průvodce pro fanoušky : 100% neoficiální /

Další autoři: Baroš, Radovan, 1967-
Jazyk: Čeština
Vydáno: V Brně : CPress, 2024
Vydání: 1. vydání
Témata:
Fyzický popis: 111 stran : barevné ilustrace, portréty ; 31 cm
Language note: Český text
Knihy
Uloženo v:
LEADER 02280nam a2200601 i 4500
001 nkc20243627049
003 CZ PrNK
005 20241108163125.0
007 ta
008 240819s2024 xr ac e 000 0bcze
015 |a cnb003627049 
020 |a 978-80-264-5315-4  |q (vázáno) :  |c Kč 349,00 
035 |a (OCoLC)1468023482 
040 |a OLA001  |b cze  |e rda 
041 1 |a cze  |h eng 
043 |a n-us--- 
045 |a y-y- 
072 7 |a 78.011.26  |x Populární hudba. Populární písně. Populární taneční hudba  |2 Konspekt  |9 9 
072 7 |a 929  |x Biografie  |2 Konspekt  |9 8 
080 |a 78.03.011.26.071.2-055.2  |2 MRF 
080 |a 78.03.011.26  |2 MRF 
080 |a 929  |2 MRF 
080 |a (73)  |2 MRF 
080 |a (092)  |2 MRF 
080 |a (084.12)  |2 MRF 
130 0 |a Ultimate fan's guide to Taylor Swift.  |l Česky 
245 1 0 |a Taylor Swift :  |b ultimátní průvodce pro fanoušky : 100% neoficiální /  |c z anglického originálu The ultimate fan's guide to Taylor Swift přeložil Radovan Baroš 
250 |a 1. vydání 
264 1 |a V Brně :  |b CPress,  |c 2024 
300 |a 111 stran :  |b barevné ilustrace, portréty ;  |c 31 cm 
336 |a text  |b txt  |2 rdacontent 
336 |a statický obraz  |b sti  |2 rdacontent 
337 |a bez média  |b n  |2 rdamedia 
338 |a svazek  |b nc  |2 rdacarrier 
500 |a Název z obálky 
546 |a Český text 
600 1 7 |a Swift, Taylor,  |d 1989-  |7 xx0095996  |2 czenas 
648 7 |a 21. století  |7 ch460559  |2 czenas 
650 0 7 |a populární zpěvačky  |7 ph803153  |z Spojené státy americké  |y 21. století  |2 czenas 
650 0 7 |a populární hudba  |7 ph124352  |z Spojené státy americké  |y 21. století  |2 czenas 
650 0 9 |a popular women singers  |z United States  |y 21st century  |2 eczenas 
650 0 9 |a popular music  |z United States  |y 21st century  |2 eczenas 
655 7 |a biografie  |7 fd131909  |2 czenas 
655 7 |a fotografické publikace  |7 fd132276  |2 czenas 
655 9 |a biography  |2 eczenas 
655 9 |a photographical works  |2 eczenas 
700 1 |a Baroš, Radovan,  |d 1967-  |7 xx0038894  |4 trl 
910 2 |a BOA001  |b 4-1530.678 
928 9 |a Albatros Media - CPress 
990 |a BK 
995 |a 01 
991 |b 202410  |c NOV 
996 6 |b 2610981923  |c 4-1530.678  |l MZK  |r Sklad / do 1 hodiny  |n 0  |p p.v.  |w 001979369  |u 000010  |a 1  |e BOA001  |j MZK50  |s P